000
00367nam a2200169Ia 4500
003
0100
008
130303s9999 xx 000 0 und d
040
_c
ARRUPELIB
050
_a
PZ3.G212N15 1970
100
_a
Gaskell, Elizabeth
245
_a
North and South
260
_a
Middlesex
260
_b
Penguin Books
260
_C
1970
300
_a
539p
942
0
0
_0
1
999
_c
33878
_d
33878